000 00540nam a2200193Ia 4500
008 180921t2014 xxu||||| |||| 00| 0 sin d
041 _asin
080 _a133.52
_bWAN
100 _aWanigarathna, Asiri
245 _a2015 ඔබේ ලග්නයට: සිංහ
246 _a2015 Obe Lagnayata : Sinha
260 _bColombo Astrology Centre
_aDehiwala
_c2014
300 _b48p, 30cm
700 _aErandi Disanayaka
_eed.
700 _aSadali Geethma
_eed.
942 _cBK
999 _c6034
_d6034
003 LK-CoDNM
040 _aLK-CoDNM
_dLK-CoDNM
_eLK-CoDNM